[Event "City of Belfast"]
[Site "Belfast"]
[Date "2022.06.18"]
[Round "3.11"]
[White "Richard Morrow"]
[Black "Ashish Shambharkar"]
[Result "1-0"]
[WhiteElo "1570"]
[BlackElo "1100"]
[EventDate "2022.06.18"]

1.d4 d6 2.e4 g6 3.c4 c6 4.Nc3 Bg7 5.f4 Qb6 6.Nf3 Bg4 7.e5 Bxf3 8.gxf3 dxe5
9.fxe5 e6 10.Ne4 Bf8 11.b3 Nd7 12.Bg5 h6 13.c5 Qb4+ 14.Qd2 Qxd2+ 15.Bxd2 
O-O-O 16.Nd6+ Bxd6 17.cxd6 f6 18.f4 h5 19.Bc4 fxe5 20.fxe5 Re8 21.Rg1 c5 
22.Be3 Nh6 23.Bxh6 Rxh6 24.Bb5 Rf8 25.Bxd7+ Kxd7 26.Rf1 Rxf1+ 27.Kxf1 cxd4
28.Rc1 h4 29.Rc7+ Kd8 30.Re7 g5 31.Ke2 g4 32.Rg7 g3 33.h3 Rh5 34.Kd3 Rxe5 
35.Kxd4 Rd5+ 36.Ke3 Rxd6 37.Rg4 e5 38.Rxh4 Rg6 39.Rg4 Rxg4 40.hxg4 Ke7 41.
Kf3 Kf6 42.Kxg3 Kg5 43.Kf3 b5 44.Ke4 a6 45.Kxe5 Kxg4 46.Kd5 Kf4 47.Kc5 Ke4
48.Kb6 Kd5 49.Kxa6 Kc5 50.Ka5 b4 51.Ka4 Kb6 52.Kxb4 Kc6 1-0

[Event "City of Belfast"]
[Site "Belfast"]
[Date "2022.06.18"]
[Round "3.12"]
[White "Aadhi Sooraj"]
[Black "Amol Thoke"]
[Result "1-0"]
[WhiteElo "1000"]
[BlackElo "1143"]
[EventDate "2022.06.18"]

1.d4 d5 2.c4 e6 3.Nc3 Nf6 4.c5 a6 5.b4 Bd7 6.e3 g6 7.Bd3 b6 8.Nge2 a5 9.
Ba3 Nc6 10.b5 Nb4 11.c6 Nxd3+ 12.Qxd3 Bxa3 13.cxd7+ Qxd7 14.O-O O-O 15.Na4
Be7 16.Nac3 Qd6 17.a4 Rac8 18.f4 c6 19.Rfc1 c5 20.dxc5 Rxc5 21.Nd4 Rfc8 
22.Nc6 Bf8 23.Ra2 Bg7 24.Rac2 Nd7 25.Ne4 Qf8 26.Nxc5 Nxc5 27.Qa3 Bf6 28.
Rxc5 bxc5 29.Qxc5 Qxc5 30.Rxc5 Kf8 31.b6 Be7 32.b7 Re8 33.Nxe7 Kxe7 34.Rc8
Kd7 35.Rxe8 Kxe8 36.b8=Q+ 1-0

[Event "City of Belfast"]
[Site "Belfast"]
[Date "2022.06.19"]
[Round "4.01"]
[White "James McDonnell"]
[Black "Des Moreland"]
[Result "1-0"]
[WhiteElo "1752"]
[BlackElo "1600"]
[EventDate "2022.06.19"]

1.e4 e6 2.d4 d5 3.Nd2 Nf6 4.e5 Nfd7 5.Bd3 b6 6.Ne2 h6 7.c3 Ba6 8.Bc2 Be7 
9.O-O c5 10.f4 Nc6 11.Nf3 Qc7 12.Be3 cxd4 13.cxd4 Nb4 14.Ba4 Nd3 15.Rb1 
O-O 16.Ne1 Nxe1 17.Rxe1 b5 18.Bc2 b4 19.Rc1 Qb7 20.f5 exf5 21.Bxf5 Bxe2 
22.Qxe2 Rfd8 23.Qg4 Bg5 24.Bxg5 hxg5 25.Qxg5 Qb6 26.Qg4 Nf8 27.e6 fxe6 28.
Rxe6 Nxe6 29.Bxe6+ Kf8 30.Re1 1-0

[Event "City of Belfast"]
[Site "Belfast"]
[Date "2022.06.19"]
[Round "4.02"]
[White "Dean Gorman"]
[Black "Conor Spackman"]
[Result "1-0"]
[WhiteElo "1768"]
[BlackElo "1681"]
[EventDate "2022.06.19"]

1.e4 c5 2.d4 cxd4 3.c3 d3 4.Bxd3 Nc6 5.Nf3 d6 6.h3 Nf6 7.O-O e6 8.Qe2 Be7 
9.Rd1 Qc7 10.Bf4 O-O 11.Nbd2 e5 12.Be3 a6 13.b4 d5 14.Bg5 dxe4 15.Nxe4 
Nxe4 16.Qxe4 f5 17.Bc4+ Kh8 18.Qh4 Bf6 19.Bxf6 Rxf6 20.Ng5 Rh6 21.Nf7+ 
Qxf7 22.Rd8+ 1-0

[Event "City of Belfast"]
[Site "Belfast"]
[Date "2022.06.19"]
[Round "4.03"]
[White "James Douglas"]
[Black "Modestas Razbadauskas"]
[Result "0-1"]
[WhiteElo "1400"]
[BlackElo "1921"]
[EventDate "2022.06.19"]

1.e4 c5 2.b3 Nc6 3.Bb2 e5 4.Nc3 a6 5.a4 Nf6 6.Nf3 d6 7.h3 Be6 8.Bc4 Bxc4 
9.bxc4 Be7 10.d3 O-O 11.O-O Qd7 12.Nd5 Nxd5 13.cxd5 Nd8 14.c4 f5 15.Nh2 
Bg5 16.Nf3 Nf7 17.Nxg5 Nxg5 18.Qh5 h6 19.h4 Nh7 20.f4 fxe4 21.fxe5 dxe5 
22.Qxe5 exd3 23.Rxf8+ Rxf8 24.Rd1 Re8 25.Qg3 Re2 26.Bc3 d2 27.Rxd2 Rxd2 
28.Bxd2 Qxa4 29.Bxh6 Qd7 30.Be3 Qe7 31.d6 Qe6 32.Qh3 Nf8 33.Bxc5 Qe1+ 0-1

[Event "City of Belfast"]
[Site "Belfast"]
[Date "2022.06.19"]
[Round "4.04"]
[White "Pat McKillen"]
[Black "Adam Rushe"]
[Result "1/2-1/2"]
[WhiteElo "1277"]
[BlackElo "1593"]
[EventDate "2022.06.19"]

1.e4 e5 2.Nf3 Nf6 3.Nxe5 Nc6 4.Nf3 Nxe4 5.Nc3 Nxc3 6.dxc3 Bc5 7.Bg5 f6 8.
Bd2 O-O 9.Be2 d6 10.O-O Bg4 11.b4 Bb6 12.b5 Ne5 13.Nxe5 Bxe2 14.Qxe2 fxe5 
15.Be3 Bxe3 16.Qxe3 Qd7 17.c4 Rf4 18.Qd3 Qf7 19.Qd5 Rxc4 20.Qxb7 Rf8 21.
Qxa7 Rxc2 22.a4 d5 23.Qe3 d4 24.Qg3 Qd5 25.Rac1 Rxc1 26.Rxc1 Qd6 27.Qb3+ 
Kh8 28.Rc6 Qe7 29.a5 Rd8 30.Rc1 1/2-1/2

[Event "City of Belfast"]
[Site "Belfast"]
[Date "2022.06.19"]
[Round "4.05"]
[White "Bobby Thompson"]
[Black "Matthew Moreland"]
[Result "1-0"]
[WhiteElo "1547"]
[BlackElo "1100"]
[EventDate "2022.06.19"]

1.d4 d5 2.c4 c6 3.cxd5 cxd5 4.Nc3 g6 5.Bf4 Nf6 6.e3 Nc6 7.Rc1 Bg7 8.Bd3 
O-O 9.Nf3 Bg4 10.h3 Bxf3 11.Qxf3 Re8 12.O-O Nh5 13.Bh2 e5 14.dxe5 Bxe5 15.
Bxe5 Nxe5 16.Qd1 Nc6 17.Bb5 a6 18.Bxc6 bxc6 19.Na4 Rc8 20.Rc5 Qd6 21.Qc2 
Rc7 22.Rc1 Ree7 23.Rxc6 Rxc6 24.Qxc6 Qe5 25.Qc8+ Kg7 26.Qc3 Qxc3 27.Rxc3 
Nf6 28.f3 Re6 29.Kf2 Rd6 30.Rd3 Nd7 31.Nc3 Nb6 32.Rd4 Kf6 33.Ne4+ Ke6 34.
Nxd6 Kxd6 35.b3 Kc5 36.Ke2 Nc4 37.bxc4 dxc4 38.Kd2 Kb4 39.Kc2 a5 40.Rd7 a4
41.Rb7+ Ka3 42.Kb1 c3 43.Rc7 Kb4 44.a3+ Kb3 45.e4 c2+ 46.Rxc2 Kxa3 47.Rc7 
1-0

[Event "City of Belfast"]
[Site "Belfast"]
[Date "2022.06.19"]
[Round "4.06"]
[White "Chris Armstrong"]
[Black "Adrian Dornford Smith"]
[Result "0-1"]
[WhiteElo "1509"]
[BlackElo "1257"]
[EventDate "2022.06.19"]

1.d4 d5 2.c4 c6 3.Nf3 Bg4 4.Ne5 Bf5 5.Qb3 Qb6 6.Qxb6 axb6 7.Nc3 e6 8.Bf4 
Nf6 9.f3 h6 10.e3 Nbd7 11.Be2 Nxe5 12.Bxe5 Nd7 13.Bg3 Be7 14.O-O Bh7 15.e4
dxe4 16.fxe4 O-O 17.Bd3 f6 18.Rf3 e5 19.d5 Bc5+ 20.Kh1 Kf7 21.Rd1 Ke7 22.
Bb1 Bg6 23.Rfd3 Rfd8 24.R3d2 Bf7 25.a3 Be3 26.Rd3 Bd4 27.R1d2 Bh5 28.Ne2 
Nc5 29.Nxd4 Nxd3 30.Nf5+ Kf7 31.Bxd3 Bg4 32.Ne3 Ke7 33.Be2 Bd7 34.Kg1 Be8 
35.Nf5+ Kf8 36.Bf2 c5 37.Rd3 h5 38.Be3 Ra4 39.Rd1 g6 40.Ng3 Ke7 41.Bd3 Bd7
42.Be2 Rf8 43.Bd3 h4 44.Ne2 g5 45.Nc3 Raa8 46.Be2 Rh8 47.Nb5 Ra4 48.Nc3 
Raa8 49.Bc1 h3 50.g3 g4 51.Rf1 Rhg8 52.Nd1 Ra4 53.Ne3 Ra5 54.Nf5+ Bxf5 55.
Rxf5 Ra4 56.Rh5 b5 57.Rh7+ Kd6 58.Rxb7 bxc4 59.Rb6+ Ke7 60.Re6+ Kf7 61.Rc6
c3 62.Bd3 Rd4 63.Bc2 cxb2 64.Bxb2 Rd2 65.Rxc5 Rg2+ 66.Kh1 Rb8 67.Bc1 Re2 
68.Kg1 Re1+ 69.Kf2 Rxc1 70.Rc7+ Kf8 71.Ke2 Rb2 72.Kd2 Rh1 73.Kd3 Rxh2 74.
Ba4 Ra2 75.Rc3 Rhd2+ 76.Ke3 h2 77.Rc1 Rg2 78.Kd3 Rxa3+ 79.Kc4 Rxa4+ 80.Kb5
Raa2 81.d6 Rgd2 82.Kc6 Ra6+ 0-1

[Event "City of Belfast"]
[Site "Belfast"]
[Date "2022.06.19"]
[Round "4.07"]
[White "Ethan Cole"]
[Black "John Monaghan"]
[Result "1-0"]
[WhiteElo "1318"]
[BlackElo "1134"]
[EventDate "2022.06.19"]

1.e4 c5 2.Nf3 d6 3.d4 cxd4 4.Nxd4 Nc6 5.Bb5 Bd7 6.Bxc6 Bxc6 7.Nc3 g6 8.Be3
Bg7 9.Qd2 Nf6 10.f3 O-O 11.g4 Re8 12.h4 h5 13.O-O-O e5 14.Nxc6 bxc6 15.g5 
Nh7 16.Qxd6 Qxd6 17.Rxd6 Re6 18.Rxe6 fxe6 19.Kd2 Nf8 20.Ke2 Nd7 21.Rd1 Nb6
22.Bxb6 axb6 23.Rd6 Rc8 24.Rxe6 Kf7 25.Rd6 b5 26.Rd7+ Kf8 27.Rb7 Kg8 28.
Nd1 Bf8 29.c3 Bc5 30.Nf2 Bd6 31.Rd7 Bc7 32.Nd3 Bb8 33.Nc5 Kh8 34.Na6 c5 
35.Nxb8 Rxb8 36.Rc7 c4 37.a3 Kg8 38.Rc5 b4 39.cxb4 c3 40.bxc3 Ra8 41.Ra5 
Rc8 42.Kd2 Re8 43.Ra7 Rd8+ 44.Kc2 Kh8 45.Ra5 Rf8 46.Rxe5 Rxf3 47.b5 Rf2+ 
48.Kb3 Rf1 49.Ka4 Rb1 50.c4 Rc1 51.c5 Rc4+ 52.Ka5 Rc3 53.a4 Rh3 54.c6 Rxh4
55.c7 Rf4 56.c8=Q+ Rf8 57.Re8 Rxe8 58.Qxe8+ Kg7 59.Qd7+ Kg8 60.Qe6+ Kh8 
61.Qxg6 h4 62.Qh6+ Kg8 63.Qxh4 Kg7 64.Qh6+ Kf7 65.g6+ Kf6 66.g7+ Ke5 67.
g8=R 1-0

[Event "City of Belfast"]
[Site "Belfast"]
[Date "2022.06.18"]
[Round "4.08"]
[White "Kyle Milligan"]
[Black "Richard Morrow"]
[Result "0-1"]
[WhiteElo "1260"]
[BlackElo "1570"]
[EventDate "2022.06.18"]

1.e4 c5 2.d4 cxd4 3.c3 dxc3 4.Nxc3 Nc6 5.Nf3 d6 6.Bc4 a6 7.O-O e6 8.Qe2 
Nf6 9.e5 dxe5 10.Nxe5 Nxe5 11.Qxe5 Bd6 12.Qe2 O-O 13.Bg5 Be7 14.Rfd1 Qc7 
15.Rac1 Qb8 16.Ne4 Qe5 17.f4 Qxe4 18.Qxe4 Nxe4 19.Bxe7 Re8 20.Rd4 Nf6 21.
Bxf6 gxf6 22.a4 b6 23.Be2 Rb8 24.Rc7 b5 25.a5 Rb7 26.Rc6 Ra7 27.b4 Kf8 28.
Bf3 Ke7 29.Rd2 Rd8 30.Rdc2 Bb7 31.Rc7+ Rd7 32.Bxb7 Rxb7 33.Rxb7 Rxb7 34.
Rc6 Rd7 35.Rxa6 Rd4 36.Rb6 Rxb4 37.g3 Kf8 38.a6 Ra4 39.Rxb5 Rxa6 40.Rh5 
Kg7 41.Kf2 Ra3 42.f5 exf5 43.Rxf5 Ra2+ 44.Kg1 Kg6 45.Rf4 f5 46.Kh1 h5 47.
h4 Kf6 48.Kg1 Ke5 49.Kf1 Rh2 50.Kg1 Re2 51.Ra4 Rd2 52.Rf4 Rd4 53.Rxd4 Kxd4
54.Kg2 Ke4 55.Kf2 f4 56.Kg2 f5 57.Kf2 fxg3+ 58.Kxg3 Ke3 59.Kg2 Kf4 60.Kf2 
Kg4 61.Kg2 Kxh4 0-1

[Event "City of Belfast"]
[Site "Belfast"]
[Date "2022.06.19"]
[Round "4.09"]
[White "Nikiolai Dimitrov"]
[Black "Joseph Gunning"]
[Result "1-0"]
[WhiteElo "1463"]
[BlackElo "1202"]
[EventDate "2022.06.19"]

1.e4 e5 2.c4 b6 3.Nf3 Bb7 4.Nc3 Nc6 5.a3 Nf6 6.b4 d6 7.d3 Nd4 8.Bg5 Be7 9.
Bxf6 Bxf6 10.Nxd4 exd4 11.Nd5 1-0

[Event "City of Belfast"]
[Site "Belfast"]
[Date "2022.06.19"]
[Round "4.10"]
[White "Aadhi Sooraj"]
[Black "Robert Lavery"]
[Result "0-1"]
[WhiteElo "1000"]
[BlackElo "1485"]
[EventDate "2022.06.19"]

1.d4 Nf6 2.c4 e6 3.Nc3 Bb4 4.Bd2 O-O 5.e3 c5 6.Bd3 Nc6 7.Nge2 b6 8.Qc2 h6 
9.a3 Bxc3 10.Bxc3 Bb7 11.b4 cxd4 12.exd4 Qe7 13.O-O d5 14.cxd5 Nxd5 15.
Rfc1 Nxc3 16.Qxc3 Rac8 17.Qd2 Qf6 18.Rc4 Ba6 19.Rxc6 Rxc6 20.Bxa6 Rd8 21.
Bb7 Rc7 22.Be4 Rdc8 23.f3 Rc4 24.Rc1 Rxc1+ 25.Nxc1 Rc4 26.Ne2 Qd8 27.Bd3 
Rc7 28.Nc3 Qxd4+ 29.Kf1 Qxc3 30.Qe2 Qxa3 31.b5 Rc1+ 32.Kf2 Qc5+ 33.Kg3 
Qc7+ 34.Kh3 Rc5 35.g4 Qf4 36.Be4 f5 37.Bd3 Re5 38.Qc2 Qxf3+ 39.Kh4 Qxg4# 0-1

[Event "City of Belfast"]
[Site "Belfast"]
[Date "2022.06.19"]
[Round "4.11"]
[White "Amol Thoke"]
[Black "Ashish Shambharkar"]
[Result "1-0"]
[WhiteElo "1143"]
[BlackElo "1100"]
[EventDate "2022.06.19"]

1.d4 g6 2.c4 c6 3.Nc3 Bg7 4.Nf3 Nf6 5.Bf4 d6 6.e3 O-O 7.Be2 Bg4 8.h3 Bxf3 
9.Bxf3 Qc7 10.c5 Nbd7 11.cxd6 exd6 12.O-O Rfe8 13.Rc1 Nf8 14.Nb5 Qd7 15.
Nxd6 Re6 16.Nc4 Rc8 17.Ne5 Qe8 18.Ng4 h5 19.Ne5 N8h7 20.h4 Rd8 21.Qb3 Nd5 
22.Bg3 Bxe5 23.Bxe5 Qe7 24.Bg3 Nhf6 25.Qc2 Ne4 26.Be5 Nef6 27.g3 Nb4 28.
Qb3 Nfd5 29.a3 Na6 30.e4 Nf6 31.Rfd1 Ng4 32.Bf4 Rxe4 33.Bg5 Nf6 34.Bxe4 
Qxe4 35.Bxf6 Rd7 36.Re1 Rd6 37.Rxe4 Rxf6 38.Qxb7 c5 39.Qc8+ Kg7 40.Re8 Rb6
41.Rd8 Nb8 42.Rg8+ Kh7 43.Qf8 Nd7 44.Rh8# 1-0

[Event "City of Belfast"]
[Site "Belfast"]
[Date "2022.06.19"]
[Round "5.01"]
[White "James McDonnell"]
[Black "Dean Gorman"]
[Result "1/2-1/2"]
[WhiteElo "1752"]
[BlackElo "1768"]
[EventDate "2022.06.19"]

1.e4 d6 2.d4 Nf6 3.Nc3 c6 4.f4 Bg4 5.Nf3 c5 6.dxc5 Qa5 7.Bd3 Qxc5 8.Qe2 e5
9.Be3 Qa5 10.fxe5 dxe5 11.O-O Bc5 12.Bb5+ Nbd7 13.Bxc5 O-O-O 14.Bd6 Qb6+ 
15.Kh1 Qxd6 16.Rad1 Qb4 17.Qc4+ Qxc4 18.Bxc4 Bh5 19.Rd2 Bxf3 20.gxf3 Rhf8 
21.Rfd1 a6 22.a4 Nh5 23.Nd5 Kb8 24.a5 Nc5 25.Nb6 Rxd2 26.Rxd2 Kc7 27.b4 
Ne6 28.Rd7+ Kb8 29.Bd5 Nc7 30.Rxf7 Re8 31.Nd7+ Kc8 32.Nb6+ Kb8 33.Nd7+ Kc8
34.Nb6+ 1/2-1/2

[Event "City of Belfast"]
[Site "Belfast"]
[Date "2022.06.19"]
[Round "5.02"]
[White "Modestas Razbadauskas"]
[Black "Bobby Thompson"]
[Result "1-0"]
[WhiteElo "1921"]
[BlackElo "1547"]
[EventDate "2022.06.19"]

1.d4 Nf6 2.c4 c5 3.e3 e6 4.Nf3 b6 5.Be2 Bb7 6.O-O Nc6 7.Nc3 d5 8.dxc5 Bxc5
9.a3 dxc4 10.Bxc4 O-O 11.Qc2 Qe7 12.b4 Bd6 13.Bb2 Rfd8 14.Rad1 Rac8 15.Qe2
Qc7 16.Nb5 Qb8 17.Nxd6 Rxd6 18.e4 Ne8 19.Nh4 Rcd8 20.Rxd6 Qxd6 21.Nf3 Nc7 
22.Ng5 h6 23.Nf3 a6 24.Bb3 a5 25.Rd1 Qe7 26.b5 Rxd1+ 27.Bxd1 Nd8 28.Qd3 f6
29.Bc2 Nf7 30.h4 Qd6 31.Qe2 e5 32.Bb3 Kf8 33.Qc4 Qe7 34.a4 Ke8 35.h5 Nd6 
36.Qg8+ Qf8 37.Qxf8+ Kxf8 38.Ba3 Ne8 39.Nd2 Ke7 40.f3 Kd7 41.Kf2 Nc7 42.g3
Ne6 43.Bxd6 Kxd6 44.Bxe6 Kxe6 45.Nc4 f5 46.exf5+ Kxf5 47.Nd6+ 1-0

[Event "City of Belfast"]
[Site "Belfast"]
[Date "2022.06.19"]
[Round "5.03"]
[White "Conor Spackman"]
[Black "Adam Rushe"]
[Result "1/2-1/2"]
[WhiteElo "1681"]
[BlackElo "1593"]
[EventDate "2022.06.19"]

1.e4 e5 2.Nf3 Nf6 3.Nxe5 Nc6 4.Nxc6 dxc6 5.e5 Ng4 6.d4 c5 7.c3 cxd4 8.cxd4
Bb4+ 9.Nc3 c5 10.a3 Ba5 11.b4 Qxd4 12.Qxd4 cxd4 13.Bb5+ Bd7 14.Bxd7+ Kxd7 
15.Ne4 Bb6 16.Bf4 Rhe8 17.Nd6 Re6 18.Nc4 Bc7 19.Rd1 Bxe5 20.Nxe5+ Nxe5 21.
Rxd4+ Ke7 22.O-O Rd8 23.Re4 Nc6 24.Rxe6+ Kxe6 25.Re1+ Kd7 26.Rd1+ Ke8 
1/2-1/2

[Event "City of Belfast"]
[Site "Belfast"]
[Date "2022.06.19"]
[Round "5.04"]
[White "Des Moreland"]
[Black "Pat McKillen"]
[Result "1-0"]
[WhiteElo "1600"]
[BlackElo "1277"]
[EventDate "2022.06.19"]

1.d4 Nf6 2.Bg5 g6 3.c4 Bg7 4.Nc3 O-O 5.e4 d6 6.h3 Nc6 7.Nf3 e5 8.dxe5 Nxe5
9.Be2 Be6 10.Nxe5 dxe5 11.O-O Qxd1 12.Rfxd1 Rad8 13.Nd5 Bxd5 14.cxd5 Rd6 
15.f3 b6 16.Rac1 Ne8 17.Be7 Rd7 18.Bxf8 Bxf8 19.Bb5 Bc5+ 20.Rxc5 1-0

[Event "City of Belfast"]
[Site "Belfast"]
[Date "2022.06.19"]
[Round "5.05"]
[White "Adrian Dornford Smith"]
[Black "Ethan Cole"]
[Result "0-1"]
[WhiteElo "1257"]
[BlackElo "1318"]
[EventDate "2022.06.19"]

1.e4 e6 2.d4 d5 3.exd5 exd5 4.Nf3 Bd6 5.Be3 Ne7 6.Bd3 c6 7.c3 Qc7 8.Nbd2 
Nd7 9.Qc2 Nf6 10.O-O-O Be6 11.h3 b5 12.a3 a5 13.Nb1 Kd7 14.Kd2 Rhe8 15.
Rhe1 Bf4 16.Ke2 Bxe3 17.fxe3 Nc8 18.Kf2 Nh5 19.Kf1 Qg3 20.Qf2 Nd6 21.Qxg3 
Nxg3+ 22.Kf2 Nge4+ 23.Kg1 Kc7 24.Nbd2 Bd7 25.Rc1 Nxd2 26.Nxd2 Re7 27.Kf2 
Rae8 28.g4 f5 29.gxf5 Nxf5 30.e4 dxe4 31.Bxe4 Rf7 32.Kg2 Ref8 33.Bxf5 Bxf5
34.Rf1 Kd6 35.Rce1 Rf6 36.Kg3 Kd7 37.h4 Rg6+ 38.Kh2 Rg4 39.Nf3 Kd6 40.Rg1 
Rf4 41.Ng5 Rxh4+ 42.Kg3 Rg4+ 43.Kf3 Bd7+ 44.Ke2 Re8+ 45.Kf2 Rf4+ 46.Kg3 
Rxe1 47.Kxf4 Rxg1 48.Nxh7 Ke7 49.Ng5 Rxg5 50.Kxg5 Be6 51.Kg6 Kf8 52.Kg5 
Kf7 53.Kf4 Bd5 54.Kg5 g6 55.Kf4 Kf6 56.Kg4 Be6+ 57.Kf4 g5+ 58.Kg3 Kf5 59.
Kf3 Bd5+ 60.Kg3 g4 61.Kf2 Kf4 62.Kg1 g3 63.Kf1 g2+ 64.Kg1 Kg3 65.a4 bxa4 
66.c4 Bxc4 67.d5 cxd5 68.b3 a3 69.bxc4 a2 0-1

[Event "City of Belfast"]
[Site "Belfast"]
[Date "2022.06.19"]
[Round "5.06"]
[White "Richard Morrow"]
[Black "Nikiolai Dimitrov"]
[Result "0-1"]
[WhiteElo "1570"]
[BlackElo "1463"]
[EventDate "2022.06.19"]

1.d4 Nf6 2.c4 d6 3.Nc3 Bf5 4.f3 h6 5.e4 Bh7 6.Be3 Nbd7 7.Qd2 e6 8.Nge2 g5 
9.g4 Nb6 10.Ng3 Qd7 11.O-O-O a6 12.h4 gxh4 13.Rxh4 Na4 14.Bxh6 Nxc3 15.
bxc3 Bg6 16.Bg5 Rxh4 17.Bxh4 Be7 18.Bg5 Qa4 19.Be3 d5 20.Qc2 Ba3+ 21.Kd2 
Qxc2+ 22.Kxc2 dxe4 23.Kb3 Bd6 24.Nxe4 Nxe4 25.fxe4 Bxe4 26.Be2 Kd7 27.Rf1 
f5 28.gxf5 exf5 29.Bf3 Rf8 30.Bh6 Rh8 31.Bxe4 fxe4 32.Be3 Rh3 33.Re1 Rf3 
34.c5 Bg3 35.Re2 Ke6 36.Kc4 c6 37.Bd2 Kf5 38.d5 cxd5+ 39.Kxd5 Bf4 40.Bxf4 
Rd3+ 41.Kc4 Kxf4 42.Rb2 Rd7 43.Rb6 0-1

[Event "City of Belfast"]
[Site "Belfast"]
[Date "2022.06.19"]
[Round "5.07"]
[White "Matthew Moreland"]
[Black "James Douglas"]
[Result "0-1"]
[WhiteElo "1100"]
[BlackElo "1400"]
[EventDate "2022.06.19"]

1.d4 d5 2.c4 e6 3.Nc3 Nf6 4.Nf3 Be7 5.Bg5 h6 6.Bh4 Nbd7 7.a3 a6 8.e3 b6 9.
Bd3 Bb7 10.O-O c5 11.cxd5 Nxd5 12.e4 Nxc3 13.Bxe7 Nxd1 14.Bxd8 Rxd8 15.
Raxd1 cxd4 16.Bc2 e5 17.Rfe1 O-O 18.g4 Rfe8 19.g5 h5 20.Bb3 Nc5 21.Nd2 g6 
22.Re2 a5 23.Rf1 a4 24.Ba2 Nb3 25.Nxb3 axb3 26.Bxb3 Ba6 27.f4 Bxe2 28.Rf2 
exf4 0-1

[Event "City of Belfast"]
[Site "Belfast"]
[Date "2022.06.19"]
[Round "5.08"]
[White "John Monaghan"]
[Black "Chris Armstrong"]
[Result "0-1"]
[WhiteElo "1134"]
[BlackElo "1509"]
[EventDate "2022.06.19"]

1.d4 Nf6 2.Bf4 e6 3.e3 d5 4.c3 c5 5.Nf3 Nc6 6.Nbd2 Qb6 7.Qc2 cxd4 8.exd4 
Be7 9.Bd3 h6 10.h3 O-O 11.Ne5 Nxe5 12.dxe5 Nd7 13.h4 Nc5 14.Rb1 Nxd3+ 15.
Qxd3 Bd7 16.Qe2 Kh7 17.Nf3 Rac8 18.Kd2 Rc4 19.Kc2 Rfc8 20.Ng5+ Kg8 21.Nxf7
Kxf7 22.h5 Qd4 23.Bd2 0-1

[Event "City of Belfast"]
[Site "Belfast"]
[Date "2022.06.19"]
[Round "5.09"]
[White "Robert Lavery"]
[Black "Amol Thoke"]
[Result "1-0"]
[WhiteElo "1485"]
[BlackElo "1143"]
[EventDate "2022.06.19"]

1.e4 e6 2.d4 d5 3.Nc3 c5 4.dxc5 d4 5.Nb5 Bxc5 6.Nf3 Nc6 7.Bf4 Qa5+ 8.c3 
dxc3 9.bxc3 Bb6 10.Nd6+ Kf8 11.Qb3 Nge7 12.Bb5 Nd4 13.Nxd4 Bxd4 14.Bd2 
Bxf2+ 15.Kxf2 Qb6+ 16.Be3 Qxd6 17.Rad1 Qc7 18.Rd2 f6 19.Rhd1 Kf7 20.Kg1 
Nc6 21.Rd6 Rd8 22.Rxd8 Nxd8 23.Rd2 Nc6 24.Qd1 Qe5 25.Bxc6 bxc6 26.Rd8 Ke7 
27.Rg8 Kf7 28.Rxc8 Rxc8 29.Qd7+ Kg6 30.Qxc8 Qxc3 31.Qe8# 1-0

[Event "City of Belfast"]
[Site "Belfast"]
[Date "2022.06.19"]
[Round "5.10"]
[White "Joseph Gunning"]
[Black "Aadhi Sooraj"]
[Result "0-1"]
[WhiteElo "1202"]
[BlackElo "1000"]
[EventDate "2022.06.19"]

1.c4 g6 2.d4 Bg7 3.Bg5 Nf6 4.e3 O-O 5.Nc3 e6 6.Qf3 c6 7.Ne4 d5 8.Nxf6+ 
Bxf6 9.Bxf6 Qa5+ 10.Kd1 Nd7 11.b3 Qc3 12.Ke2 Qxa1 13.Nh3 Qxa2+ 14.Ke1 Qxb3
15.Be2 a5 16.Bg5 a4 17.Bd1 Qc3+ 18.Kf1 Qxc4+ 19.Be2 Qc1+ 20.Bd1 a3 21.g3 
a2 22.Kg2 a1=N 23.e4 Qc4 24.Be2 Qxd4 25.Rxa1 Rxa1 26.Be3 Qg7 27.Qg4 e5 28.
Qh4 Qf6 29.Bg5 Qe6 30.Bh6 Re8 31.Ng5 Qe7 32.Bf8 Nxf8 33.Qh6 f6 34.Nf3 dxe4
35.Nh4 b5 36.Qd2 Qe6 37.Qc2 Qh3# 0-1

[Event "City of Belfast"]
[Site "Belfast"]
[Date "2022.06.19"]
[Round "5.11"]
[White "Ashish Shambharkar"]
[Black "Kyle Milligan"]
[Result "1/2-1/2"]
[WhiteElo "1100"]
[BlackElo "1260"]
[EventDate "2022.06.19"]

1.e4 c5 2.Bc4 e6 3.Nf3 d5 4.Bb5+ Nc6 5.Ne5 Qc7 6.Bxc6+ bxc6 7.f4 Ba6 8.d3 
Nf6 9.exd5 cxd5 10.O-O Bd6 11.c4 O-O 12.Qa4 Bb7 13.cxd5 exd5 14.Be3 d4 15.
Bf2 Bxe5 16.fxe5 Qxe5 17.Qd1 Qd5 18.Qf3 Qxf3 19.gxf3 Bxf3 20.Nd2 Be2 21.
Rfe1 Bxd3 22.Rac1 Rac8 23.Nb3 Nd7 24.Bg3 Bf5 25.Bd6 Rfe8 26.Rxe8+ Rxe8 27.
Nxc5 Nxc5 28.Bxc5 Rc8 29.b4 d3 30.Rd1 a6 31.Rd2 f6 32.Kf2 Re8 33.Kf3 g5 
34.a4 Rc8 35.Ke3 Kf7 36.Kd4 h5 37.b5 axb5 38.axb5 Ke6 39.b6 g4 40.Rb2 h4 
41.b7 Rb8 42.Ba7 d2 43.Rxd2 Rxb7 44.Re2+ Kf7 45.Bc5 Rd7+ 46.Ke3 Kg6 47.Kf4
Rc7 48.Bd4 Rc4 49.Rd2 Rc6 50.Re2 Re6 51.Rxe6 Bxe6 52.Bf2 h3 53.Kg3 Kf5 54.
Ba7 Ke4 55.Bb8 Ke3 56.Bc7 f5 57.Bb6+ Ke4 58.Bc7 Ke3 59.Bd6 Bd5 60.Bc7 Be4 
61.Bd6 Bf3 62.Bc7 Be4 1/2-1/2